Las torturas de la inquisición = Hexen bis aufs Blut gequält /

Película sobre las persecuciones religiosas a manos de los cazadores de brujas en la Austria del siglo XVIII, donde éstos abusando de su poder someten a torturas crueles a aquellos hombres y mujeres que acusan de herejes o de haber tenido pacto con el diablo.

Bewaard in:
Bibliografische gegevens
Hoofdauteur: Armstrong, Michael (realización)
Andere auteurs: Lom, Herbert (actuación) (actuación), Kier, Udo (actuación) (actuación), Vuco, Olivera (actuación) (actuación)
Formaat: Dia
Taal:Engels
Onderwerpen:
Tags: Voeg label toe
Geen labels, Wees de eerste die dit record labelt!

MARC

LEADER 00000ngm^a2200000^a^4500
001 000289297
005 20250521000000.0
009 20260310111933.974
037 |a Acervo ITESO - Biblioteca 
041 |a ING 
082 |a 830.  |b ARM 
100 |a Armstrong, Michael  |e (realización) 
245 1 4 |a Las torturas de la inquisición =  |b Hexen bis aufs Blut gequält /  |c Realización de M. Armstrong. 
264 2 |b Manga Films [distribución],  |c 2006, c2006 
300 |a 1 DVD región 2 PAL  |c (97 min.) 
336 |a imagen móvil bidimensional  |b tdi  |2 rdacontenido 
337 |a video  |b v  |2 rdamedio 
338 |a videodisco  |b vd  |2 rdasoporte 
520 |a Película sobre las persecuciones religiosas a manos de los cazadores de brujas en la Austria del siglo XVIII, donde éstos abusando de su poder someten a torturas crueles a aquellos hombres y mujeres que acusan de herejes o de haber tenido pacto con el diablo. 
546 |a En inglés, con subtítulos opcionales: español 
546 |a Doblaje opcional: español 
649 |a XX 
650 |a Dramas Cinematográficos 
650 |a Películas de Suspenso y Terror 
650 |a Cine Alemán -  |y 1970-1979 
650 |a Cine Alemán -  |y Siglo XX 
650 |a Tortura -  |z Austria -  |x Historia 
650 |a Inquisición -  |z Austria -  |x Historia -  |y Siglo XVIII 
700 |a Lom, Herbert  |e (actuación) 
700 |a Kier, Udo  |e (actuación) 
700 |a Vuco, Olivera  |e (actuación) 
910 |a Fondo General 
920 |a Audiovisuales - DVDs 
940 |a Películas 
905 |a 308 
901 |a 0500163025  |b IT2  |c DVR  |u 20250521 
902 |a https://opac.biblio.iteso.mx/vufind/Record/000289297